000 00256nam a2200109Ia 4500
005 20251222114353.0
008 251222s1900||||xx |||||||||||||| ||spa||
082 _aDVD0090/F83/2001
245 0 _aFotógrafo de guerra
264 _bChristian Frei
942 _cDVD
999 _c1325
_d1325